000 00397nam a22001217a 4500
999 _c66677
_d66674
100 _aSajjad Hyder Mangi
_a13MME11
_aSupervisor - Dr. Kishan Chand Mukwana
245 _aHealth Safety and Risk Assessment in Hala Gas Pani (ME Thesis)
260 _aNawabshah
_bQUEST
_c2019
300 _a72
700 _aDepartment of Mechanical Engineering
856 _uhttps://tinyurl.com/yc53uanh
942 _cTHESIS